La cornue vivante et ses mystères ou le laboratoire de la vie / (Record no. 48416)

MARC details
000 -LEADER
campo de control de longitud fija 00540nam a22001815i 4500
001 - NÚMERO DE CONTROL
campo de control 48416
003 - IDENTIFICADOR DE NÚMERO DE CONTROL
campo de control ES-MaACL
005 - FECHA Y HORA DE LA ÚLTIMA TRANSACCIÓN
campo de control 20251005063041.0
007 - CAMPO FIJO DE DESCRIPCIÓN FÍSICA--INFORMACIÓN GENERAL
campo de control de longitud fija t|
008 - DATOS DE LONGITUD FIJA--INFORMACIÓN GENERAL
campo de control de longitud fija 950714s1875 fr ||||1| fre d
040 ## - FUENTE DE CATALOGACIÓN
Centro catalogador/agencia de origen CAM
Lengua de catalogación spa
Centro/agencia transcriptor CAM
100 1# - ENTRADA PRINCIPAL--NOMBRE DE PERSONA
Nombre de persona Debay, Auguste,
Fechas asociadas al nombre 1802-1890
9 (RLIN) 43113
245 13 - MENCIÓN DEL TÍTULO
Título La cornue vivante et ses mystères ou le laboratoire de la vie /
Mención de responsabilidad, etc. par A. Debay.
260 ## - PUBLICACIÓN, DISTRIBUCIÓN, ETC.
Lugar de publicación, distribución, etc. Paris :
Nombre del editor, distribuidor, etc. A. Dentu,
Fecha de publicación, distribución, etc. 1875 (
Fabricante D. Thièry)
300 ## - DESCRIPCIÓN FÍSICA
Extensión [4], 406 p. ;
Dimensiones 19 cm.
852 ## - LOCALIZACIÓN
Ubicación ES-MaACL
Número de control de estantería D-1522
Holdings
Estatus retirado Estado de pérdida Estado de daño No para préstamo Colección Biblioteca de origen Biblioteca actual Ubicación en estantería Fecha de adquisición Fuente de adquisición Total de préstamos Signatura topográfica completa Código de barras Visto por última vez Precio de reemplazo Tipo de ítem Koha
        Libros del s. XIX Biblioteca del Ateneo de Madrid Biblioteca del Ateneo de Madrid Sala Valle Inclán 17/01/2008     D-1522 901050952 23/02/2023 23/02/2023 Libro impreso antiguo